Граф Николай Николаевич Муравьев-Амурский по его письмам, официальным документам, рассказам современников и печатным источникам: материалы для биографии; Кн. 1

書誌詳細
第一著者: Барсуков И. П. Иван Платонович
要約:Немая обложка.
言語:ロシア語
出版事項: Москва, Синодальная Типография, 1891
主題:
フォーマット: MixedMaterials 図書
KOHA link:https://koha.lib.tpu.ru/cgi-bin/koha/opac-detail.pl?biblionumber=194860

MARC

LEADER 00000nam0a2200000 4500
001 194860
005 20260227103648.0
035 |a (RuTPU)RU\TPU\book\212537 
090 |a 194860 
100 |a 20110425d1891 m y0rusy50 ca 
101 0 |a rus 
102 |a RU 
105 |a bcf z 001zd 
200 1 |a Граф Николай Николаевич Муравьев-Амурский по его письмам, официальным документам, рассказам современников и печатным источникам  |e материалы для биографии  |h Кн. 1  |f И. П. Барсуков 
210 |a Москва  |c Синодальная Типография  |d 1891 
215 |a IV, 672, XII с., [2] вкл. л.  |c портр., карта  |d 25,5 см. 
300 |a Немая обложка. 
316 |5 63413507: 97-604  |a На форзаце этикетка : "Библиотека Сибирской ж. д. № 534 Время поступления в библиотеку 13 февраля 1904 года Цена 6 руб."; на тит. л. и на с. 79 печать: "Библиотека служащих на Средне-Сибирской железной дороге", также в кн. имеются печати библиотеки Томского Гос. Университета. 
320 |a Постраничные примечания. 
600 1 |a Муравьев-Амурский  |b Н. Н.  |c российский государственный деятель  |c генерал-губернатор Восточной Сибири  |f 1809-1881  |g Николай Николаевич  |c граф  |2 stltpush  |3 (RuTPU)RU\TPU\pers\11805 
600 1 |a Муравьев  |b Н. Е.  |c военный инженер  |c автор первой русской книги по алгебре  |f 1724-1770  |g Николай Ерофеевич  |2 stltpush  |3 (RuTPU)RU\TPU\pers\23028  |9 9884 
600 1 |a Муравьев  |b А. Н.  |c декабрист  |c один из основателей тайных обществ "Союз спасения" и "Союз благоденствия"  |f 1792-1863  |g Александр Николаевич  |2 stltpush  |3 (RuTPU)RU\TPU\pers\18803  |9 7053 
600 1 |a Муравьев (Карский)  |b Н. Н.  |c российский генерал от инфантерии  |c брат А. Н. и М. Н. Муравьевых  |f 1794-1866  |g Николай Николаевич  |2 stltpush  |3 (RuTPU)RU\TPU\pers\15600  |9 5411 
600 1 |a Муравьев  |b А. Н.  |c русский духовный писатель  |c поэт  |f 1806-1874  |g Андрей Николаевич  |c драматург  |c церковный и общественный деятель  |2 stltpush  |3 (RuTPU)RU\TPU\pers\23494 
600 1 |a Муравьев  |g Михаил Никитич  |b М. Н.  |c русский писатель  |c поэт  |c государственный деятель  |f 1757-1807  |2 stltpush  |3 (RuTPU)RU\TPU\pers\157 
600 1 |a Муравьев  |b Н. Н.  |c генерал-майор  |c писатель  |f 1768-1840  |g Николай Николаевич  |2 stltpush  |3 (RuTPU)RU\TPU\pers\28247  |9 13200 
600 1 |a Муравьев  |b М. Н.  |c генерал от инфантерии  |c граф  |f 1796-1866  |g Михаил Николаевич  |2 stltpush  |3 (RuTPU)RU\TPU\pers\28248  |9 13201 
600 1 |a Муравьев  |b С. Н.  |c чиновник  |f 1809-1874  |g Сергей Николаевич  |2 stltpush  |3 (RuTPU)RU\TPU\pers\28249  |9 13202 
600 1 |a Муравьев  |b С. В.  |c лейтенант флота  |f первая половина 18 века  |g Степан Воинович  |2 stltpush  |3 (RuTPU)RU\TPU\pers\28250  |9 13203 
600 1 |a Муравьев  |b Н. С.  |c гражданский губернатор Архангельска (1797)  |f 1737-1799  |g Назарий Степанович  |2 stltpush  |3 (RuTPU)RU\TPU\pers\28251  |9 13204 
600 1 |a Муравьев  |b Н. Н.  |c археолог  |c статс-секретарь Николая I  |f 1755-1845  |g Николай Назарович  |2 stltpush  |3 (RuTPU)RU\TPU\pers\28252  |9 13205 
600 1 |a Муравьев  |b В. Н.  |c тайный советник  |c сенатор  |c Псковский губернатор  |f 1811-1869  |g Валериан Николаевич  |2 stltpush  |3 (RuTPU)RU\TPU\pers\28253  |9 13206 
600 1 |a Муравьев  |b А. Н.  |c чиновник  |f ?-1885  |g Александр Николаевич  |2 stltpush  |3 (RuTPU)RU\TPU\pers\28254  |9 13207 
606 |7 ca  |8 rus  |a Деятели общественные и государственные  |x Персоналии  |y Россия  |z кон. 17-18 вв.  |9 89073 
610 1 |a Россия 
610 1 |a история 
610 1 |a 19 век 
610 1 |a Восточная Сибирь 
610 1 |a Приамурье 
610 1 |a Айгунский договор 
610 1 |a биографии 
686 |a Т3(2)51  |2 rubbk 
700 1 |a Барсуков  |b И. П.  |c русский историк  |c археограф  |f 1841-1906  |g Иван Платонович  |3 (RuTPU)RU\TPU\pers\28256  |9 13209 
801 1 |a RU  |b 63413507  |c 20110425 
801 2 |a RU  |b 63413507  |c 20121114  |g RCR 
942 |c BK